[Event "POL-ch qual U15"]
[Site "Jastrzebia Gora"]
[Date "2013.09.28"]
[Round "1.2"]
[White "Pham, Juliusz"]
[Black "Niewiarowski, Mieszko"]
[Result "1-0"]
[WhiteElo "1816"]
[BlackElo "1474"]
[PlyCount "75"]
[EventDate "2013.09.28"]
[EventType "swiss"]
[EventRounds "9"]
[EventCountry "POL"]
[SourceTitle "EXT 2023"]
[Source "ChessBase"]
[SourceDate "2022.10.05"]
[SourceVersion "1"]
[SourceVersionDate "2022.10.05"]
[SourceQuality "1"]

1. e4 c6 2. d4 d5 3. exd5 cxd5 4. c4 Nf6 5. Nc3 g6 6. Nf3 Bg7 7. Be2 0-0 8. 0-0 Nc6 9. c5 Re8 10. Bf4 Bg4 11. a3 Ne4 12. Be3 e6 13. Qd3 Bf5 14. Qb5 Qe7 15. Rac1 Rad8 16. Rfd1 Rd7 17. Qa4 Rc8 18. b4 Nxc3 19. Rxc3 e5 20. dxe5 Bxe5 21. Bg5 f6 22. Nxe5 Qxe5 23. Re3 Be4 24. Bh4 d4 25. b5 dxe3 26. Rxd7 exf2+ 27. Bxf2 Bf5 28. Bc4+ Kh8 29. bxc6 Bxd7 30. cxd7 Rd8 31. c6 bxc6 32. Qxc6 Qc3 33. Qe6 Qe5 34. Qxe5 fxe5 35. Be6 g5 36. Bg3 Kg7 37. Bxe5+ Kf8 38. Bf6 1-0

[Event "POL-ch qual U15"]
[Site "Jastrzebia Gora"]
[Date "2013.09.28"]
[Round "9.1"]
[White "Pham, Juliusz"]
[Black "Tynski, Beniamin"]
[Result "1-0"]
[WhiteElo "1816"]
[BlackElo "1600"]
[PlyCount "109"]
[EventDate "2013.09.28"]
[EventType "swiss"]
[EventRounds "9"]
[EventCountry "POL"]
[SourceTitle "EXT 2023"]
[Source "ChessBase"]
[SourceDate "2022.10.05"]
[SourceVersion "1"]
[SourceVersionDate "2022.10.05"]
[SourceQuality "1"]

1. e4 c5 2. c3 Nf6 3. e5 Nd5 4. d4 cxd4 5. Nf3 Nc6 6. cxd4 e6 7. Bc4 Nb6 8. Bb5 a6 9. Bxc6 dxc6 10. 0-0 Be7 11. Nc3 0-0 12. Ne4 Nd5 13. Bg5 f6 14. exf6 Nxf6 15. Nxf6+ Bxf6 16. Bxf6 gxf6 17. Qe2 Qd5 18. Qe3 Rf7 19. b3 Bd7 20. Rac1 b6 21. Rfe1 Rg7 22. Qf4 Rf8 23. Re3 h5 24. Qc7 Qa5 25. a4 Rc8 26. Qd6 Qd5 27. Qxd5 cxd5 28. Rec3 Rxc3 29. Rxc3 b5 30. a5 Kf8 31. Ne1 Rg4 32. Rd3 Ke7 33. f3 Rg8 34. Rc3 Rc8 35. Rxc8 Bxc8 36. Nd3 Bd7 37. Kf2 Kd6 38. f4 Kc6 39. Nc5 Bc8 40. b4 h4 41. g3 hxg3+ 42. Kxg3 Kd6 43. h4 e5 44. h5 exd4 45. h6 Bf5 46. Kf2 Ke7 47. Nxa6 Kf7 48. Nc5 Bc8 49. a6 Bxa6 50. Nxa6 Kg6 51. Nc7 Kxh6 52. Nxb5 Kg6 53. Nxd4 Kf7 54. Ke3 Ke7 55. Ne2 1-0

[Event "POL-ch qual U15"]
[Site "Jastrzebia Gora"]
[Date "2013.09.28"]
[Round "7.1"]
[White "Putlak, Wojciech"]
[Black "Pham, Juliusz"]
[Result "0-1"]
[WhiteElo "1607"]
[BlackElo "1816"]
[PlyCount "100"]
[EventDate "2013.09.28"]
[EventType "swiss"]
[EventRounds "9"]
[EventCountry "POL"]
[SourceTitle "EXT 2023"]
[Source "ChessBase"]
[SourceDate "2022.10.05"]
[SourceVersion "1"]
[SourceVersionDate "2022.10.05"]
[SourceQuality "1"]

1. d4 Nf6 2. c4 e6 3. Nf3 b6 4. g3 Ba6 5. b3 Bb4+ 6. Bd2 Be7 7. Nc3 d5 8. cxd5 exd5 9. Bg2 0-0 10. 0-0 Nbd7 11. Re1 Bb7 12. Bg5 h6 13. Bxf6 Nxf6 14. Ne5 Bd6 15. Nd3 Re8 16. Nb5 Bf8 17. Qc2 c6 18. Nc3 Ne4 19. Rad1 Nxc3 20. Qxc3 Qf6 21. Ne5 Qd6 22. e3 f6 23. Ng6 Qb4 24. Qxb4 Bxb4 25. Re2 a5 26. Rc2 Bd6 27. Bh3 Kf7 28. Nh4 Red8 29. Bf5 a4 30. Rb1 axb3 31. axb3 g5 32. Nf3 Ra3 33. Bd3 Rda8 34. Kf1 Ra1 35. Rcb2 Bb4 36. Ne1 Rxb1 37. Rxb1 Ra2 38. Nc2 Bc3 39. Ke2 c5 40. dxc5 bxc5 41. Kf1 Bc8 42. f3 f5 43. Kg1 Be6 44. e4 c4 45. bxc4 dxc4 46. exf5 cxd3 47. fxe6+ Kxe6 48. Ne3 Bd4 49. Re1 d2 50. Rd1 Bxe3+ 0-1

[Event "POL-chT U19 44th"]
[Site "Karpacz"]
[Date "2013.07.27"]
[Round "6"]
[White "Pham, Juliusz"]
[Black "Szostko, Jakub"]
[Result "1-0"]
[WhiteElo "1785"]
[BlackElo "1895"]
[PlyCount "71"]
[EventDate "2013.07.22"]
[EventType "team-tourn"]
[EventRounds "9"]
[EventCountry "POL"]
[SourceTitle "EXT 2014"]
[Source "ChessBase"]
[SourceDate "2013.11.20"]
[SourceVersion "1"]
[SourceVersionDate "2013.11.20"]
[SourceQuality "1"]
[WhiteTeam "Trzebinia UKS Hetman Koronny U19"]
[BlackTeam "Bialystok MUKS Stoczek 45 U19"]
[WhiteTeamCountry "POL"]
[BlackTeamCountry "POL"]

1. e4 c5 2. c3 g6 3. d4 cxd4 4. cxd4 d5 5. exd5 Nf6 6. Nc3 Nxd5 7. Nf3 Bg7 8. Be2 0-0 9. 0-0 Nxc3 10. bxc3 Qc7 11. Qb3 b6 12. Be3 Bb7 13. Rac1 Nc6 14. c4 Rfd8 15. Rfd1 Rac8 16. c5 bxc5 17. Rxc5 e6 18. Rdc1 Bf8 19. R5c3 Bd6 20. Bb5 a6 21. Bxc6 Bxc6 22. Rxc6 Qxc6 23. Rxc6 Rxc6 24. g3 Rb8 25. Qd3 Rb5 26. Ne5 Rc8 27. Qe4 Bf8 28. Qh4 Bg7 29. Bh6 f6 30. Bxg7 Kxg7 31. Ng4 Rf8 32. Ne3 Rb2 33. Qe4 Rxa2 34. Qxe6 Rd2 35. Qxa6 Rxd4 36. Qa7+ 1-0

[Event "POL-chT U19 44th"]
[Site "Karpacz"]
[Date "2013.07.24"]
[Round "3"]
[White "Janik, Igor"]
[Black "Pham, Juliusz"]
[Result "1-0"]
[WhiteElo "1930"]
[BlackElo "1785"]
[PlyCount "111"]
[EventDate "2013.07.22"]
[EventType "team-tourn"]
[EventRounds "9"]
[EventCountry "POL"]
[SourceTitle "EXT 2014"]
[Source "ChessBase"]
[SourceDate "2013.11.20"]
[SourceVersion "1"]
[SourceVersionDate "2013.11.20"]
[SourceQuality "1"]
[WhiteTeam "Gorzow Wielkopolski Stilon U19"]
[BlackTeam "Trzebinia UKS Hetman Koronny U19"]
[WhiteTeamCountry "POL"]
[BlackTeamCountry "POL"]

1. e4 e5 2. Nf3 Nc6 3. Bc4 Bc5 4. c3 Nf6 5. d4 exd4 6. e5 d5 7. Bb5 Ne4 8. cxd4 Bb6 9. 0-0 0-0 10. Nc3 Bg4 11. Bxc6 bxc6 12. Re1 Bxf3 13. Qxf3 f6 14. e6 f5 15. Nxe4 fxe4 16. Qc3 Qf6 17. Be3 Qxe6 18. Rac1 Rf6 19. Rc2 Raf8 20. Rec1 Qg4 21. Qd2 Rg6 22. g3 Rff6 23. a4 a6 24. a5 Ba7 25. Qb4 Qc8 26. Rc3 h5 27. Rb3 Rf8 28. Qb7 Bb8 29. Qa8 Qe8 30. Rbc3 Rff6 31. h4 Rf3 32. Rb3 Rf8 33. Bg5 Qf7 34. Rc2 Qe8 35. Kg2 e3 36. Rxe3 Qf7 37. Rce2 c5 38. f4 cxd4 39. Re7 Qf5 40. R7e5 Qd3 41. Qxd5+ Kh7 42. Qf3 Qxf3+ 43. Kxf3 c6 44. Rc5 Ba7 45. Rc4 Rb8 46. Re7 Rb3+ 47. Kg2 Rxb2+ 48. Kh3 Bb8 49. Rxd4 c5 50. Rdd7 c4 51. f5 Rc6 52. Rxg7+ Kh8 53. f6 Rc8 54. Rh7+ Kg8 55. Rdg7+ Kf8 56. Rh8# 1-0

[Event "Gdansk op 14th"]
[Site "Gdansk"]
[Date "2012.07.23"]
[Round "3"]
[White "Belczewski, Jacek"]
[Black "Pham, Juliusz"]
[Result "0-1"]
[WhiteElo "1498"]
[BlackElo "1714"]
[PlyCount "106"]
[EventDate "2012.07.22"]
[EventType "swiss"]
[EventRounds "9"]
[EventCountry "POL"]
[SourceTitle "CBM 149 Extra"]
[Source "ChessBase"]
[SourceDate "2012.08.24"]
[SourceVersion "1"]
[SourceVersionDate "2012.08.24"]
[SourceQuality "1"]

1. c4 Nf6 2. Nc3 g6 3. g3 Bg7 4. Bg2 d6 5. Nf3 0-0 6. 0-0 Nbd7 7. d3 c6 8. Bd2 Qc7 9. b4 e5 10. Rc1 Ng4 11. h3 Nh6 12. b5 f5 13. bxc6 bxc6 14. Ng5 Nf6 15. Qa4 Bd7 16. Rb1 Rab8 17. Be3 a5 18. Qa3 Nf7 19. Nxf7 Kxf7 20. Na4 c5 21. Nc3 Rb4 22. Bg5 Rfb8 23. Bxf6 Rxb1 24. Bd5+ Kxf6 25. Rxb1 Rxb1+ 26. Nxb1 Qb6 27. Qb3 Qb4 28. Qxb4 cxb4 29. a3 Ba4 30. axb4 axb4 31. Kf1 Bc2 32. Nd2 b3 33. c5 b2 34. c6 Ke7 35. Ba2 Kd8 36. Nb1 e4 37. dxe4 Bxe4 38. Ke1 Kc7 39. Kd2 Kxc6 40. f3 Bd5 41. Bxd5+ Kxd5 42. Kd3 Kc5 43. g4 d5 44. gxf5 gxf5 45. e3 Kb4 46. e4 dxe4+ 47. fxe4 fxe4+ 48. Kxe4 Kb3 49. Kd3 Ka2 50. Kc2 Bf6 51. Nd2 Be7 52. Kc3 Bg5 53. Ne4 b1Q 0-1

[Event "Solina Mind Sports U14 op"]
[Site "Solina"]
[Date "2012.04.16"]
[Round "2"]
[White "Pham, Juliusz"]
[Black "Krzeminski, Sebastian"]
[Result "0-1"]
[WhiteElo "1741"]
[BlackElo "1723"]
[PlyCount "62"]
[EventDate "2012.04.15"]
[EventType "swiss"]
[EventRounds "9"]
[EventCountry "POL"]
[SourceTitle "EXT 2014"]
[Source "ChessBase"]
[SourceDate "2013.11.20"]
[SourceVersion "1"]
[SourceVersionDate "2013.11.20"]
[SourceQuality "1"]

1. Nf3 d5 2. g3 Nf6 3. Bg2 c5 4. d3 Nc6 5. 0-0 Bg4 6. c4 e6 7. Nc3 d4 8. Nb5 a6 9. Na3 Bd6 10. h3 Bh5 11. g4 Bg6 12. Bg5 Rc8 13. Nc2 h5 14. Bxf6 gxf6 15. e4 hxg4 16. hxg4 Qc7 17. Re1 Ke7 18. Kf1 Rcg8 19. Ng1 Bh2 20. Ne2 Rh4 21. f3 Bg3 22. Nxg3 Qxg3 23. Qe2 Ne5 24. Rad1 Nxg4 25. fxg4 Rxg4 26. Rd2 Rf4+ 27. Kg1 Rh8 28. Qf2 Rxf2 29. Rxf2 Rh1+ 30. Kxh1 Qxf2 31. Rc1 Qd2 0-1

[Event "Solina Mind Sports U14 op"]
[Site "Solina"]
[Date "2012.04.15"]
[Round "1"]
[White "Adamczyk, Pawel"]
[Black "Pham, Juliusz"]
[Result "1/2-1/2"]
[WhiteElo "1463"]
[BlackElo "1741"]
[PlyCount "136"]
[EventDate "2012.04.15"]
[EventType "swiss"]
[EventRounds "9"]
[EventCountry "POL"]
[SourceTitle "EXT 2014"]
[Source "ChessBase"]
[SourceDate "2013.11.20"]
[SourceVersion "1"]
[SourceVersionDate "2013.11.20"]
[SourceQuality "1"]

1. e4 e5 2. Nf3 Nc6 3. Bc4 Bc5 4. Nc3 Nf6 5. d3 d6 6. h3 Be6 7. Bb3 Qd7 8. Be3 Bb6 9. Qd2 0-0-0 10. Bxb6 axb6 11. Bxe6 fxe6 12. 0-0-0 Kb8 13. Rhe1 Rhf8 14. d4 exd4 15. Nxd4 e5 16. Nde2 g6 17. f3 Nh5 18. Nd5 Ne7 19. Kb1 Nxd5 20. Qxd5 Qc6 21. Kc1 Qxd5 22. Rxd5 c6 23. Rd3 b5 24. Red1 Kc7 25. a3 Ng7 26. c3 Ne6 27. Kc2 g5 28. R3d2 Nf4 29. Ng3 Rf6 30. Nf5 h5 31. Ne3 h4 32. Ng4 Re6 33. Ne3 Re7 34. Nf5 Red7 35. Ne3 Nh5 36. Nf5 Ng3 37. Nxg3 hxg3 38. Rd3 Kb6 39. R3d2 Kc5 40. Rd3 Kb6 41. R3d2 c5 42. Rd5 Kc6 43. R1d2 Ra8 44. Rd1 Ra4 45. R1d2 b4 46. Kb3 bxc3 47. bxc3 Ra6 48. c4 Rb6+ 49. Kc2 Ra6 50. Kb3 Ra5 51. a4 Ra6 52. Ka3 Rb6 53. Rb2 Rxb2 54. Kxb2 Rd8 55. Kb3 Ra8 56. Rd3 Ra6 57. Ka3 Ra8 58. Kb3 Rf8 59. Ka3 Ra8 60. Kb3 Ra5 61. Rd2 Ra6 62. Ka3 Kc7 63. Rd3 Rc6 64. Rd2 Kb8 65. Rd3 Ka7 66. Rd2 Ka6 67. Rb2 Rb6 68. Rxb6+ Kxb6 1/2-1/2

[Event "Ostroda op 8th"]
[Site "Ostroda"]
[Date "2011.08.10"]
[Round "8"]
[White "Szewczak, Andrzej"]
[Black "Pham, Juliusz"]
[Result "1-0"]
[WhiteElo "2005"]
[BlackElo "1638"]
[PlyCount "63"]
[EventDate "2011.08.04"]
[EventType "swiss"]
[EventRounds "9"]
[EventCountry "POL"]
[SourceTitle "CBM 143 Extra"]
[Source "ChessBase"]
[SourceDate "2011.08.29"]
[SourceVersion "1"]
[SourceVersionDate "2011.08.29"]
[SourceQuality "1"]

1. e4 e5 2. Nf3 Nc6 3. Bc4 Bc5 4. Nc3 Nf6 5. d3 d6 6. h3 h6 7. Be3 Bb6 8. a3 Be6 9. Qd2 Qd7 10. Nd5 Bxd5 11. exd5 Ne7 12. d4 exd4 13. Bxd4 Bxd4 14. Qxd4 Nf5 15. Qd3 0-0-0 16. 0-0-0 a6 17. Bxa6 g6 18. g4 Ne7 19. Bc4 Kb8 20. Qd4 Nh7 21. Rd3 Nc8 22. Rb3 Nb6 23. Bb5 Qe7 24. a4 Qf6 25. Qd2 Nd7 26. Bxd7 Rxd7 27. Qb4 b6 28. a5 Ng5 29. axb6 Nxf3 30. bxc7+ Kxc7 31. Qb6+ Kc8 32. Qb8# 1-0

[Event "Ostroda op 8th"]
[Site "Ostroda"]
[Date "2011.08.05"]
[Round "3"]
[White "Pham, Juliusz"]
[Black "Zielinski, Maciej"]
[Result "0-1"]
[WhiteElo "1638"]
[BlackElo "2060"]
[PlyCount "50"]
[EventDate "2011.08.04"]
[EventType "swiss"]
[EventRounds "9"]
[EventCountry "POL"]
[SourceTitle "CBM 143 Extra"]
[Source "ChessBase"]
[SourceDate "2011.08.29"]
[SourceVersion "1"]
[SourceVersionDate "2011.08.29"]
[SourceQuality "1"]

1. d4 Nf6 2. Bg5 c5 3. c3 cxd4 4. cxd4 Ne4 5. Bf4 d5 6. e3 Qa5+ 7. Nd2 e5 8. Rc1 Bg4 9. f3 Nxd2 10. Qxd2 Bb4 11. Rc3 exf4 12. fxg4 0-0 13. exf4 Qxa2 14. Bd3 Re8+ 15. Kf2 Bxc3 16. Qxc3 Nd7 17. Nf3 Rac8 18. Qd2 Nf6 19. h3 Ne4+ 20. Bxe4 dxe4 21. Ne5 f6 22. Re1 fxe5 23. fxe5 Qd5 24. Kg1 Rxe5 25. Qe3 Ree8 0-1

[Event "POL-ch U12"]
[Site "Mielno"]
[Date "2011.03.27"]
[Round "9"]
[White "Szostko, Jakub"]
[Black "Pham, Juliusz"]
[Result "1/2-1/2"]
[WhiteElo "1546"]
[BlackElo "1615"]
[PlyCount "108"]
[EventDate "2011.03.19"]
[EventType "swiss"]
[EventRounds "9"]
[EventCountry "POL"]
[SourceTitle "EXT 2012"]
[Source "ChessBase"]
[SourceDate "2011.11.24"]
[SourceVersion "1"]
[SourceVersionDate "2011.11.24"]
[SourceQuality "1"]

1. e4 e5 2. Nf3 Nc6 3. Bc4 Be7 4. c3 Nf6 5. d3 0-0 6. Bb3 d5 7. Qe2 dxe4 8. dxe4 Bg4 9. h3 Bh5 10. Nbd2 Qd7 11. Nf1 Rad8 12. Bc2 Rfe8 13. Ng3 Bg6 14. 0-0 Bf8 15. Bg5 Be7 16. Rad1 Qc8 17. Ba4 Nd7 18. Bxe7 Rxe7 19. Nh4 Re6 20. Bb3 Ree8 21. Nhf5 Nf6 22. Ba4 Rxd1 23. Rxd1 Bxf5 24. Nxf5 g6 25. Ng3 Qe6 26. Bb3 Qe7 27. Qb5 Rb8 28. Qa4 a6 29. Bc4 Nd8 30. Qc2 Ne6 31. Bxe6 Qxe6 32. b3 Kf8 33. Qd2 Kg7 34. Qg5 h6 35. Qe3 b6 36. Qd3 a5 37. c4 Re8 38. Rc1 Re7 39. Rd1 Rd7 40. Qc2 Rxd1+ 41. Qxd1 Qd7 42. Qe2 Qd4 43. Kh2 h5 44. f3 h4 45. Nf1 Nh5 46. Qd2 Qxd2 47. Nxd2 Nf4 48. c5 b5 49. a4 Nd3 50. axb5 Nxc5 51. Kg1 Kf6 52. Kf2 Ke6 53. Ke3 g5 54. Ke2 f6 1/2-1/2

[Event "Gora Sw Anny op 4th"]
[Site "Gora Sw Anny"]
[Date "2011.02.14"]
[Round "4"]
[White "Pham, Juliusz"]
[Black "Wisniewski, Michal"]
[Result "0-1"]
[WhiteElo "1604"]
[BlackElo "1553"]
[PlyCount "64"]
[EventDate "2011.02.12"]
[EventType "swiss"]
[EventRounds "9"]
[EventCountry "POL"]
[SourceTitle "CBM 140 Extra"]
[Source "ChessBase"]
[SourceDate "2011.03.01"]
[SourceVersion "1"]
[SourceVersionDate "2011.03.01"]
[SourceQuality "1"]

1. d4 Nf6 2. Bg5 c5 3. c3 e6 4. Nf3 d5 5. Nbd2 Be7 6. e3 Nc6 7. Bd3 0-0 8. 0-0 Qc7 9. dxc5 e5 10. Bxf6 Bxf6 11. Bc2 Ne7 12. Nb3 Bg4 13. e4 Rfd8 14. exd5 Nxd5 15. Qe2 Nf4 16. Qe3 g6 17. c4 e4 18. Bxe4 Re8 19. Nbd2 Rad8 20. Rab1 Rd3 21. Qe1 Bg7 22. Kh1 Qd7 23. Qc1 Bxf3 24. Bxf3 Rxd2 25. g3 Ne2 26. Bxe2 Rexe2 27. Kg1 Bxb2 28. Rxb2 Rxb2 29. Qf4 Rbd2 30. a3 Qd4 31. Qb8+ Kg7 32. Kg2 Rxf2+ 0-1

[Event "Lazy Baltic Pearl op-B 06th"]
[Site "Lazy"]
[Date "2010.06.29"]
[Round "5"]
[White "Pham, Juliusz"]
[Black "Koseski, Damian"]
[Result "1-0"]
[WhiteElo "1572"]
[BlackElo "1494"]
[PlyCount "61"]
[EventDate "2010.06.27"]
[EventType "swiss"]
[EventRounds "9"]
[EventCountry "POL"]
[SourceTitle "EXT 2011"]
[Source "ChessBase"]
[SourceDate "2010.11.26"]
[SourceVersion "1"]
[SourceVersionDate "2010.11.26"]
[SourceQuality "1"]

1. e4 c5 2. c3 Nc6 3. Nf3 d6 4. d4 Bg4 5. Be3 cxd4 6. cxd4 Nf6 7. Nc3 a6 8. Bd3 Qb6 9. d5 Qxb2 10. Na4 Qa3 11. dxc6 bxc6 12. 0-0 g6 13. e5 dxe5 14. Bc5 Qxc5 15. Nxc5 e6 16. Ne4 Nd5 17. h3 Bxf3 18. Qxf3 Be7 19. Bc4 f5 20. Nd2 0-0 21. Rfe1 Bf6 22. Rab1 e4 23. Qb3 Rab8 24. Qxb8 Rxb8 25. Rxb8+ Kg7 26. Nxe4 fxe4 27. Rxe4 e5 28. Rb7+ Kh6 29. Rf7 Bg5 30. h4 Nc3 31. hxg5+ 1-0

[Event "Karpacz op"]
[Site "Karpacz"]
[Date "2010.02.25"]
[Round "6"]
[White "Pham, Juliusz"]
[Black "Delekta, Anna"]
[Result "0-1"]
[WhiteElo "1609"]
[BlackElo "1663"]
[PlyCount "78"]
[EventDate "2010.02.21"]
[EventType "swiss"]
[EventRounds "9"]
[EventCountry "POL"]
[SourceTitle "CBM 135 Extra"]
[Source "ChessBase"]
[SourceDate "2010.05.04"]
[SourceVersion "1"]
[SourceVersionDate "2010.05.04"]
[SourceQuality "1"]

1. e4 c5 2. d4 cxd4 3. c3 dxc3 4. Nxc3 Nc6 5. Bc4 Nf6 6. Nf3 d6 7. Bf4 Na5 8. Bd3 g6 9. 0-0 Bg7 10. Qe2 0-0 11. Rfd1 Bd7 12. Rac1 Nc6 13. Bg3 Nh5 14. Bb5 Nxg3 15. hxg3 Bg4 16. Nd5 Nd4 17. Qd3 a6 18. Ba4 Bxf3 19. gxf3 b5 20. Bb3 a5 21. Kg2 a4 22. Bc2 e6 23. Ne3 b4 24. Qc4 Qb6 25. b3 Rfc8 26. Qf1 axb3 27. Bxb3 Rc3 28. Nc4 Qb8 29. Rxc3 bxc3 30. Qd3 Nxb3 31. axb3 Qxb3 32. Nxd6 Rd8 33. f4 Qb2 34. Qf1 c2 35. Rc1 Rxd6 36. e5 Rb6 37. Ra1 Bf8 38. Ra8 c1Q 39. Qd3 Qc6+ 0-1

[Event "Karpacz op"]
[Site "Karpacz"]
[Date "2010.02.23"]
[Round "3"]
[White "Lapaj, Mateusz"]
[Black "Pham, Juliusz"]
[Result "1-0"]
[WhiteElo "1853"]
[BlackElo "1609"]
[PlyCount "71"]
[EventDate "2010.02.21"]
[EventType "swiss"]
[EventRounds "9"]
[EventCountry "POL"]
[SourceTitle "CBM 135 Extra"]
[Source "ChessBase"]
[SourceDate "2010.05.04"]
[SourceVersion "1"]
[SourceVersionDate "2010.05.04"]
[SourceQuality "1"]

1. e4 e5 2. Nf3 Nc6 3. Bb5 a6 4. Bxc6 dxc6 5. 0-0 f6 6. d4 exd4 7. Nxd4 c5 8. Ne2 Qxd1 9. Rxd1 Bd7 10. Nbc3 0-0-0 11. Be3 Bd6 12. Nd5 Bc6 13. Nec3 Ne7 14. f3 Rhe8 15. Nxe7+ Bxe7 16. Kf2 Rxd1 17. Rxd1 Rd8 18. Rxd8+ Kxd8 19. Bf4 Kd7 20. Ke3 Bd6 21. Ne2 g6 22. h4 Ke6 23. g4 b5 24. c3 a5 25. h5 b4 26. c4 Be5 27. Bxe5 Kxe5 28. hxg6 hxg6 29. Nc1 Be8 30. Nb3 a4 31. Nxc5 a3 32. b3 Bf7 33. Nd3+ Kd6 34. Nxb4 c5 35. Nc2 Kc6 36. Nxa3 1-0

[Event "Karpacz op"]
[Site "Karpacz"]
[Date "2010.02.23"]
[Round "2"]
[White "Pham, Juliusz"]
[Black "Nasuta, Grzegorz"]
[Result "0-1"]
[WhiteElo "1609"]
[BlackElo "2036"]
[PlyCount "90"]
[EventDate "2010.02.21"]
[EventType "swiss"]
[EventRounds "9"]
[EventCountry "POL"]
[SourceTitle "CBM 135 Extra"]
[Source "ChessBase"]
[SourceDate "2010.05.04"]
[SourceVersion "1"]
[SourceVersionDate "2010.05.04"]
[SourceQuality "1"]

1. e4 c5 2. d4 cxd4 3. c3 dxc3 4. Nxc3 e6 5. Bc4 a6 6. Nf3 b5 7. Bb3 Bb7 8. Qe2 d6 9. 0-0 Nd7 10. Bf4 Ngf6 11. a3 Rc8 12. Rac1 Be7 13. Rfd1 Nc5 14. Bc2 Qc7 15. b4 Ncd7 16. Bb3 Qb8 17. Qd3 e5 18. Bg3 0-0 19. Bh4 h6 20. Bxf6 Nxf6 21. Nd5 Bxd5 22. Bxd5 Rxc1 23. Rxc1 Rc8 24. Qd2 Nxd5 25. exd5 Rxc1+ 26. Qxc1 Qb7 27. Qc6 Qxc6 28. dxc6 Bd8 29. Nd2 Kf8 30. Ne4 Ke7 31. Kf1 f5 32. Nc3 Ke6 33. a4 bxa4 34. Nxa4 Kd5 35. Nc3+ Kxc6 36. Ke2 d5 37. Kd3 e4+ 38. Kd2 Be7 39. Na2 Kb5 40. Nc3+ Kc4 41. Ne2 Bxb4+ 42. Ke3 g5 43. h4 d4+ 44. Nxd4 Bc5 45. hxg5 hxg5 0-1